Statistieken voor Vlaggen onthullende vlaggen #1

Klik hier om de quiz te nemen!

Algemene statistieken

  • Deze quiz is 36 keer genomen
  • De gemiddelde score is 17 van 21

Antwoorden op de kaart

Antwoorden kleurgecodeerd door een groen-rode schaal op de quizkaart volgens % correct hieronder.
 

Antwoordstatistieken

land% Correct
Griekenland
100%
Italië
100%
Japan
100%
Portugal
100%
Vietnam
100%
Uruguay
96%
Algerije
88%
Bhutan
88%
Panama
88%
Tsjechië
88%
Oeganda
84%
Oekraïne
84%
Singapore
76%
Côte d’Ivoire
72%
Jemen
72%
Peru
72%
Botswana
68%
Palau
68%
Zambia
60%
Centraal-Afrikaanse Republiek
56%
Antigua en Barbuda
52%

Scoreverdeling

Percentiel versus Aantal Correcte Antwoorden

Procent van Mensen met Elke Score

Uw Scoregeschiedenis

U heeft deze quiz nog niet genomen